Statistics for Guess the capital city

Click here to take the quiz!

General Stats

  • This quiz has been taken 38 times
    (27 since last reset)
  • The average score is 12 of 16

Answer Stats

Answer% Correct
London
100%
Moscow
100%
New Delhi
100%
Paris
100%
Rome
100%
Athens
96%
Cairo
96%
Tokyo
96%
Beijing
87%
Washington DC
87%
Berlin
61%
Madrid
61%
Singapore
48%
Bangkok
43%
Zurich
17%
Beirut
9%

Score Distribution

Percentile by Number Answered

Percent of People with Each Score

Your Score History

You have not taken this quiz since the last reset